|
|
|
|
| LEADER |
00000nam0a2200000 4500 |
| 001 |
269760 |
| 005 |
20231101234302.0 |
| 020 |
|
|
|a RU
|b 87-15442
|
| 035 |
|
|
|a (RuTPU)RU\TPU\book\292938
|
| 090 |
|
|
|a 269760
|
| 100 |
|
|
|a 20140922d1987 k y0rusy5003 ca
|
| 101 |
0 |
|
|a rus
|
| 102 |
|
|
|a RU
|
| 105 |
|
|
|a a z 001zy
|
| 200 |
1 |
|
|a Механические свойства грунтов и несущая способность свай
|f В. Ф. Разоренов, Э. М. Моргун, А. А. Сакевич
|
| 210 |
|
|
|a Воронеж
|c Изд-во Воронежского ун-та
|d 1987
|
| 215 |
|
|
|a 225 с.
|c ил.
|
| 320 |
|
|
|a Библиогр.: с. 221-224 (64 назв.)
|
| 606 |
1 |
|
|a Грунты
|x Физико-механические свойства
|2 stltpush
|3 (RuTPU)RU\TPU\subj\8805
|9 36145
|
| 606 |
1 |
|
|a Сваи
|2 stltpush
|3 (RuTPU)RU\TPU\subj\53877
|9 72041
|
| 610 |
1 |
|
|a инженерная геология
|
| 610 |
1 |
|
|a несущая способность
|
| 610 |
1 |
|
|a механические свойства
|
| 610 |
1 |
|
|a прочностные свойства
|
| 610 |
1 |
|
|a водонасыщенные грунты
|
| 610 |
1 |
|
|a компрессионные испытания
|
| 610 |
1 |
|
|a статические испытания
|
| 610 |
1 |
|
|a забивные сваи
|
| 610 |
1 |
|
|a статическое зондирование
|
| 610 |
1 |
|
|a инвентарные сваи
|
| 675 |
|
|
|a 624.131.4
|v 4
|
| 675 |
|
|
|a 624.154
|v 4
|
| 700 |
|
1 |
|a Разоренов
|b В. Ф.
|g Вадим Федорович
|
| 701 |
|
1 |
|a Моргун
|b Э. М.
|g Эдуард Михайлович
|
| 701 |
|
1 |
|a Сакевич
|b А. А.
|g Анатолий Адамович
|
| 801 |
|
0 |
|a RU
|b RuMRKP
|c 19950417
|g psbo
|
| 801 |
|
1 |
|a RU
|b 63413507
|c 20140922
|
| 801 |
|
2 |
|a RU
|b 63413507
|c 20170303
|g RCR
|
| 942 |
|
|
|c BK
|